Best Shooting Guard On Each NBA Team 2024 - Statistics

General Stats
  • This quiz has been taken 102 times
  • The average score is 17 of 30
Answer Stats
Team Player % Correct
Atlanta Hawks Dejounte Murray
91%
Boston Celtics Jaylen Brown
85%
Golden State Warriors Klay Thompson
81%
Dallas Mavericks Kyrie Irving
80%
Minnesota Timberwolves Anthony Edwards
77%
Cleveland Cavaliers Donovan Mitchell
77%
Miami Heat Tyler Herro
73%
Los Angeles Lakers Austin Reaves
70%
Houston Rockets Jalen Green
70%
Los Angeles Clippers Paul George
70%
Chicago Bulls Zach Lavine
70%
Phoenix Suns Devin Booker
69%
Denver Nuggets Kentavious Caldwell-Pope
69%
Memphis Grizzlies Desmond Bane
61%
Oklahoma City Thunder Josh Giddey
58%
Washington Wizards Jordan Poole
57%
Portland Trail Blazers Anfernee Simons
53%
Detroit Pistons Jaden Ivey
53%
Brooklyn Nets Cam Thomas
51%
New Orleans Pelicans Herbert Jones
50%
San Antonio Spurs Devin Vassell
47%
Milwaukee Bucks Malik Beasley
46%
Orlando Magic Jalen Suggs
45%
Utah Jazz Jordan Clarkson
39%
Sacramento Kings Kevin Huerter
39%
Indiana Pacers Benedict Mathurin
38%
Toronto Raptors Gary Trent Jr.
27%
New York Knicks Bojan Bogdanovic
20%
Philadelphia 76ers De'Anthony Melton
20%
Charlotte Hornets Cody Martin
9%
No matching quizzes found
Score Distribution
Percent of People with Each Score
Percentile by Number Answered
Your Score History
You have not taken this quiz